000 00696nam a2200229Ia 4500
005 20250108124833.0
008 008 250107s9999 xx 000 0 hin d
020 _a978-93-84753-37-5
037 _aTB
040 _aCRL
_bhin
_cCRL
041 _ahin
_2hin
084 _aY2 [R3]
084 _qCRL
100 _aगोयल, शशि, ले.
245 0 _aचीन के वे दस दिन
_cगोयल, शशि, ले.
260 _aनई दिल्ली, भारत
_bतक्षशिला प्रकाशन
_c2380
300 _a80पृ0
365 _aINR
_b150
650 _aभूगोल
942 _cTB
_hY2 [R3]
999 _c1234768
_d1234768